Villes avec une/des cathédrales - Statistiques

Statistiques générales
  • Ce quiz a été pris 82 fois
  • Le résultat moyen est 83 sur 190
Statistiques - réponses
Hint Réponse % Correct
Cathédrale Notre-Dame | Cathédrale Saint-Louis-des-Invalides | cathédrale Saint-Alexandre-Nevsky (orthodoxe russe) | +7 others Paris
97%
Primatiale Saint-Jean Lyon
92%
Cathédrale Notre-Dame Strasbourg
90%
Cathédrale Sainte-Marie-Majeure Marseille
89%
Cathédrale Saint-Pierre-et-Saint-Paul Nantes
87%
Cathédrale Notre-Dame Reims
87%
Cathédrale Notre-Dame-de-la-Treille Lille
86%
Cathédrale Saint-André Bordeaux
83%
Cathédrale Sainte-Réparate | cathédrale Saint-Nicolas (orthodoxe russe) Nice
83%
Cathédrale Saint-Pierre Rennes
83%
cathédrale Saint-Étienne Toul
83%
Cathédrale Notre-Dame Amiens
82%
Cathédrale Notre-Dame-de-l'Assomption Clermont-Ferrand
82%
Cathédrale Saint-Étienne Toulouse
80%
Cathédrale Saint-Étienne Metz
79%
Cathédrale Notre-Dame-de-l'Annonciation Nancy
79%
Cathédrale Saint-Charles-Borromée Saint-Étienne
79%
Cathédrale Notre-Dame de l'Assomption Rouen
77%
Cathédrale Saint-Maurice Angers
76%
Cathédrale Saint-Gatien Tours
76%
Cathédrale Saint-Pierre Annecy
75%
Cathédrale Saint-Pierre Montpellier
73%
Cathédrale Saint-Corentin Quimper
73%
Cathédrale Sainte-Croix Orléans
72%
Cathédrale Saint-Jean-Baptiste Perpignan
72%
Basilique Saint-Denis | Cathédrale Saint-Denis Saint-Denis
72%
Cathédrale Sainte-Marie-de-la-Seds Toulon
72%
Cathédrale Saint-Apollinaire Valence
72%
co-cathédrale Notre-Dame-de-l’Annonciation Bourg-en-Bresse
70%
Cathédrale Notre-Dame Grenoble
70%
Cathédrale Notre-Dame Le Havre
70%
Cathédrale Saint-Louis Versailles
70%
Cathédrale Sainte-Cécile Albi
69%
Cathédrale Saint-Bénigne Dijon
69%
Cathédrale Saint-Étienne Limoges
69%
Cathédrale Notre-Dame-et-Saint-Castor Nîmes
69%
Cathédrale Sainte-Marie Bayonne
68%
cathédrale Saint-Étienne Auxerre
66%
Cathédrale Saint-Julien Le Mans
66%
Cathédrale Notre-Dame-des-Doms Avignon
65%
Cathédrale Saint-Pierre Beauvais
65%
Cathédrale Saint-Jean | Cathédrale Saint-Étienne Besançon
65%
Cathédrale Saint-Michel Carcassonne
65%
Cathédrale Saint-François-de-Sales Chambéry
65%
Cathédrale Notre-Dame Chartres
65%
Cathédrale Saint-Louis La Rochelle
63%
Cathédrale Saint-Pierre Poitiers
63%
Cathédrale Notre-Dame-et-Saint-Vaast Arras
61%
Cathédrale Saint-Louis Blois
61%
cathédrale Saint-Vincent-de-Saragosse Saint-Malo
61%
Cathédrale Saint-Christophe Belfort
59%
Cathédrale Saint-Pierre-et-Saint-Paul Troyes
59%
Cathédrale Notre-Dame-de-l'Assomption Ajaccio
58%
cathédrale Notre-Dame Laon
58%
Cathédrale de la Sainte-Trinité Laval
58%
cathédrale Saint-Just-et-Saint-Pasteur Narbonne
58%
Cathédrale Saint-Pierre Vannes
58%
Cathédrale Saint-Caprais Agen
56%
Cathédrale Saint-Cyr-et-Sainte-Julitte Nevers
56%
Cathédrale Notre-Dame-de-la-Sède Tarbes
56%
Cathédrale Saint-Étienne Bourges
55%
Cathédrale Notre-Dame Dax
55%
Cathédrale Notre-Dame Evreux
55%
Cathédrale Saint-Pierre Angoulême
54%
primatiale Saint-Trophime Arles
54%
Cathédrale Saint-Étienne Châlons-en-Champagne
54%
Cathédrale Notre-Dame-et-Saint-Arnoux Gap
54%
Cathédrale Saint-Étienne Saint-Brieuc
54%
pro-cathédrale Sainte-Marie Bastia
52%
cathédrale Saint-Nazaire Béziers
52%
Cathédrale Notre-Dame-de-l'Annonciation Le Puy-en-Velay
52%
Cathédrale Notre-Dame-de-l'Assomption Montauban
52%
Cathédrale Sainte-Marie Auch
49%
Cathédrale Notre-Dame Bayeux
49%
Cathédrale de la Résurrection Evry
49%
Cathédrale Notre-Dame Rodez
49%
Cathédrale Saint-Sauveur Aix-en-provence
48%
Cathédrale Saint-Étienne Cahors
48%
Basilique-cathédrale Notre-Dame-et-Saint-Privat Mende
48%
Cathédrale Notre-Dame Tulle
48%
cathédrale Saint-Vincent Mâcon
46%
Cathédrale Notre-Dame-de-l'Annonciation Moulins
46%
Cathédrale Saint-Front Périgueux
46%
cathédrale Saint-Pierre Saintes
46%
cathédrale Notre-Dame-du-Bourg Digne
44%
Cathédrale Saint-Jérôme Digne-les-Bains
44%
Cathédrale Notre-Dame Créteil
42%
Cathédrale Saint-Étienne Sens
42%
Cathédrale Notre-Dame-de-Grâce Cambrai
41%
Cathédrale Saint-Sauveur Cayenne
41%
Cathédrale Saint-Louis Fort-de-France
41%
cathédrale Saint-Pierre Lisieux
41%
athédrale Saint-Léonce Fréjus
39%
Cathédrale Sainte-Geneviève-et-Saint-Maurice Nanterre
39%
Cathédrale Notre-Dame Verdun
39%
cathédrale Saint-Benoît Castres
38%
Cathédrale Saint-Étienne Meaux
38%
primatiale Saint-Maurice Vienne
38%
Cathédrale Saint-Gervais-et-Saint-Protais Soissons
37%
cathédrale Notre-Dame-de-Nazareth Orange
35%
Cathédrale Notre-Dame-de-Guadeloupe Basse-Terre
34%
cathédrale Notre-Dame Die
34%
cathédrale Saint-Jean-Baptiste Alès
32%
Cathédrale Notre-Dame Coutances
32%
Cathédrale Saint-Antonin Pamiers
32%
Cathédrale Saint-Pierre Saint-Flour
32%
cathédrale Notre-Dame-de-la-Platea Antibes
31%
Cathédrale Saint-Lazare Autun
31%
Cathédrale Saint-Joseph Nouméa
30%
Cathédrale Saint-Maclou Pontoise
30%
cathédrale Notre-Dame Senlis
30%
Cathédrale Notre-Dame Boulogne-sur-mer
28%
cathédrale Saint-Siffrein Carpentras
28%
cathédrale Notre-Dame-du-Puy Grasse
28%
pro-cathédrale Saint-Jean-Baptiste Calvi
27%
Cathédrale Saint-Mammès Langres
27%
cathédrale Saint-Pierre-et-Saint-Paul Pointe-à-Pitre
27%
Cathédrale Notre-Dame Papeete
25%
Cathédrale Sainte-Anne Apt
24%
Cathédrale Saint-Pierre, Saint-Paul et Saint-André Saint-Claude
24%
cathédrale Saint-Étienne Agde
23%
Cathédrale Notre-Dame-de-l'Assomption Luçon
23%
Cathédrale Saint-Dié Saint-Dié-des-Vosges
21%
Cathédrale Notre-Dame Noyon
18%
cathédrale Notre-Dame Saint-Omer
18%
cathédrale Notre-Dame-et-Saint-Véran Cavaillon
17%
Cathédrale Notre-Dame Sées
17%
cathédrale Saint-Tugdual Tréguier
17%
Cathédrale Saint-Vincent Viviers
17%
cathédrale Saint-Jean-Baptiste Bazas
15%
cathédrale Saint-Pierre Condom
15%
cathédrale Saint-Samson Dol-de-Bretagne
15%
cathédrale Notre-Dame Embrun
15%
cathédrale Sainte-Marie Oloron-Sainte-Marie
15%
cathédrale Saint-Sacerdos Sarlat
14%
cathédrale Saint-Vincent Chalon-sur-Saône
13%
cathédrale Saint-Fulcran Lodève
13%
cathédrale Saint-Théodorit Uzès
13%
cathédrale Saint-Jean-Baptiste Aire-sur-l'Adour
11%
Cathédrale Saint-Jean-Baptiste Belley
11%
cathédrale Sainte-Eulalie-et-Sainte-Julie Elne
11%
cathédrale Notre-Dame du Bourguet | cathédrale Saint-Mari Forcalquier
11%
cathédrale Saint-Jean-Baptiste Saint-Jean-de-Maurienne
11%
cathédrale Saint-Paul-Aurélien Saint-Pol-de-Léon
11%
cathédrale Notre-Dame-de-Nazareth Vaison-la-Romaine
10%
cathédrale Notre-Dame-de-l’Assomption Lescar
8%
cathédrale Notre-Dame-des-Pommiers Sisteron
8%
cathédrale Saint-Alain Lavaur
7%
cathédrale Saint-Gervais-et-Saint-Protais Lectoure
7%
Cathédrale Notre-Dame-de-l'Assomption Mata-Utu
7%
cathédrale Notre-Dame-de-la-Sède Riez
7%
cathédrale Notre-Dame Saint-Bertrand de Comminges
7%
cathédrale Notre-Dame Saint-Paul-Trois-Châteaux
7%
Saint-Pons-de-Thomières Saint-Pons-de-Thomières
7%
cathédrale Notre-Dame-de-l’Assomption Senez
7%
cathédrale Saint-Pierre-et-Saint-Paul Villeneuve-lès-Maguelone
7%
cathédrale Saint-Spire Corbeil-Essonnes
6%
cathédrale Notre-Dame-de-la-Sède | cathédrale Saint-Lizier Saint-Lizier
6%
cathédrale Saint-Luperc Eauze
4%
Cathédrale Saint-Pierre Moûtiers
4%
cathédrale Saint-Papoul Saint-Papoul
4%
Cathédrale Notre-Dame Taiohae
4%
cathédrale Saint-Maurice Mirepoix
3%
Concathédrale Saint-Michel Sospel
3%
Cathédrale Notre-Dame-de-l'-Assomption Glandèves
1%
cathédrale Sainte-Marie Lombez
1%
cathédrale Saint-Pierre Maillezais
1%
Abbatiale Notre-Dame-et-Saint-Edme Pontigny
1%
la cathédrale Santa-Maria-Assunta Saint-Florent
1%
cathédrale Saint-Pierre Saint-Pierre (à Saint-Pierre-et-Miquelon)
1%
cathédrale Saint-Appien Vico
1%
cathédrale Notre-Dame-de-l’Assomption Entrevaux
0%
cathédrale de la Nativité de la Vierge Rieux-Volvestre
0%
cathédrale Notre-Dame de l’Assomption Saint-Pierre (en Martinique)
0%
cathédrale Saint-Sauveur-et-Saint-Pierre Vabres-l'Abbaye
0%
pro-cathédrale Saint-Martin Vescovato
0%
Aucun quiz correspondant
Distribution des résultats
% des personnes avec chaque résultat
Percentile par nombre de réponses
Votre historique - résultats
Vous n’avez pas pris ce quiz